[Event "2025 National K-12 Grade Championship"]
[Site "Spokane, WI USA, United States"]
[Date "2025.12.13"]
[Round "3.25"]
[White "Venkatesh, Advit"]
[Black "Samanta, Aayansh"]
[Result "0-1"]
[TimeControl "G/90; d10"]
[WhiteFideId "39983960"]
[BlackFideId "39923290"]
[WhiteElo "1670"]
[BlackElo "2093"]

1. e4 {[%clk 01:30:00]} {[%emt 00:00:10]} c5 {[%clk 01:30:00]} {[%emt
00:00:04]} 2. Nf3 {[%clk 01:30:00]} {[%emt 00:00:08]} a6 {[%clk 01:30:00]}
{[%emt 00:00:08]} 3. d4 {[%clk 01:30:00]} {[%emt 00:00:07]} cxd4 {[%clk
01:30:00]} {[%emt 00:00:06]} 4. Nxd4 {[%clk 01:30:00]} {[%emt 00:00:06]} Nf6
{[%clk 01:30:00]} {[%emt 00:00:05]} 5. Nc3 {[%clk 01:29:46]} {[%emt 00:00:23]}
e5 {[%clk 01:30:00]} {[%emt 00:00:06]} 6. Nb3 {[%clk 01:29:38]} {[%emt
00:00:17]} Bb4 {[%clk 01:30:00]} {[%emt 00:00:06]} 7. Qf3 {[%clk 01:27:53]}
{[%emt 00:01:54]} Nc6 {[%clk 01:26:45]} {[%emt 00:03:27]} 8. a3 {[%clk
01:26:12]} {[%emt 00:01:51]} Bxc3+ {[%clk 01:26:35]} {[%emt 00:00:21]} 9. bxc3
{[%clk 01:26:11]} {[%emt 00:00:10]} d5 {[%clk 01:26:24]} {[%emt 00:00:21]} 10.
exd5 {[%clk 01:25:27]} {[%emt 00:00:52]} Qxd5 {[%clk 01:24:44]} {[%emt
00:01:51]} 11. Qxd5 {[%clk 01:25:16]} {[%emt 00:00:21]} Nxd5 {[%clk 01:24:44]}
{[%emt 00:00:03]} 12. Bb2 {[%clk 01:23:35]} {[%emt 00:01:50]} O-O {[%clk
01:23:14]} {[%emt 00:01:41]} 13. g3 {[%clk 01:22:02]} {[%emt 00:01:42]} Bf5
{[%clk 01:22:03]} {[%emt 00:01:22]} 14. Bg2 {[%clk 01:20:25]} {[%emt 00:01:46]}
Rfd8 {[%clk 01:21:54]} {[%emt 00:00:20]} 15. O-O-O {[%clk 01:20:16]} {[%emt
00:00:19]} Nde7 {[%clk 01:17:30]} {[%emt 00:04:34]} 16. Nc5 {[%clk 01:16:23]}
{[%emt 00:04:01]} Rab8 {[%clk 01:16:48]} {[%emt 00:00:53]} 17. Rxd8+ {[%emt
00:00:40]} Nxd8 {[%clk 01:16:33]} {[%emt 00:00:22]} 18. Rd1 {[%clk 01:15:39]}
{[%emt 00:00:27]} Ndc6 {[%clk 01:15:19]} {[%emt 00:01:24]} 19. Rd6 {[%clk
01:12:55]} {[%emt 00:02:53]} Nc8 {[%clk 01:06:36]} {[%emt 00:08:54]} 20. Rd1
{[%clk 01:12:05]} {[%emt 00:00:58]} N8a7 {[%clk 01:04:26]} {[%emt 00:02:23]} 21.
Rd6 {[%clk 01:07:28]} {[%emt 00:04:41]} Nb5 {[%clk 00:59:55]} {[%emt 00:04:46]}
22. Rd2 {[%clk 01:05:52]} {[%emt 00:01:42]} Nba7 {[%clk 00:55:15]} {[%emt
00:04:55]} 23. c4 {[%clk 01:00:30]} {[%emt 00:05:29]} f6 {[%clk 00:53:57]}
{[%emt 00:01:30]} 24. Rd6 {[%clk 00:58:26]} {[%emt 00:02:13]} Nc8 {[%clk
00:53:06]} {[%emt 00:01:03]} 25. Rd2 {[%clk 00:57:52]} {[%emt 00:00:42]} N8e7
{[%clk 00:52:09]} {[%emt 00:01:09]} 26. Rd6 {[%clk 00:57:46]} {[%emt 00:00:16]}
Na5 {[%clk 00:51:55]} {[%emt 00:00:24]} 27. Rb6 {[%clk 00:55:54]} {[%emt
00:02:00]} Rc8 {[%clk 00:47:11]} {[%emt 00:04:55]} 28. Nxb7 {[%clk 00:55:12]}
{[%emt 00:00:50]} Nxc4 {[%clk 00:47:08]} {[%emt 00:00:14]} 29. Rb4 {[%clk
00:52:54]} {[%emt 00:02:26]} Ne3 {[%clk 00:43:44]} {[%emt 00:03:37]} 30. fxe3
{[%clk 00:52:54]} {[%emt 00:00:09]} Rxc2+ {[%clk 00:43:44]} {[%emt 00:00:05]}
31. Kd1 {[%clk 00:52:54]} {[%emt 00:00:06]} Rxg2 {[%clk 00:43:44]} {[%emt
00:00:06]} 32. Nd6 {[%clk 00:52:35]} {[%emt 00:00:28]} Bc2+ {[%clk 00:43:44]}
{[%emt 00:00:03]} 33. Ke1 {[%clk 00:51:56]} {[%emt 00:00:47]} h6 {[%clk
00:43:44]} {[%emt 00:00:12]} 34. Rb7 {[%clk 00:51:14]} {[%emt 00:00:51]} Nd5
{[%clk 00:42:39]} {[%emt 00:01:17]} 35. e4 {[%clk 00:50:54]} {[%emt 00:00:28]}
Ne3 {[%clk 00:42:19]} {[%emt 00:00:31]} 36. h4 {[%clk 00:49:31]} {[%emt
00:01:33]} Bd3 {[%clk 00:42:19]} {[%emt 00:00:11]} 37. Rb8+ {[%clk 00:47:54]}
{[%emt 00:01:46]} Kh7 {[%clk 00:42:19]} {[%emt 00:00:10]} 38. Rh8+ {[%clk
00:46:44]} {[%emt 00:01:21]} Kxh8 {[%clk 00:42:19]} {[%emt 00:00:08]} 39. Nf7+
{[%clk 00:46:44]} {[%emt 00:00:04]} Kh7 {[%clk 00:42:19]} {[%emt 00:00:06]} 40.
Ng5+ {[%clk 00:46:44]} {[%emt 00:00:03]} hxg5 {[%clk 00:42:19]} {[%emt
00:00:05]} 41. Bxe5 {[%clk 00:46:44]} {[%emt 00:00:07]} Re2# {[%clk 00:42:19]}
{[%emt 00:00:03]} 0-1

[Event "2025 National K-12 Grade Championship"]
[Site "Spokane, WI USA, United States"]
[Date "2025.12.13"]
[Round "3.26"]
[White "Katta, Sriansh"]
[Black "Gachiri, Maxwell"]
[Result "1-0"]
[TimeControl "G/90; d10"]
[WhiteFideId "30981034"]
[WhiteElo "2062"]
[BlackElo "1699"]

1. e4 {[%emt 00:00:04]} c5 {[%clk 01:30:00]} {[%emt 00:00:06]} 2. Nf3 {[%clk
01:30:00]} {[%emt 00:00:04]} Nc6 {[%clk 01:30:00]} {[%emt 00:00:03]} 3. Bb5
{[%clk 01:30:00]} {[%emt 00:00:07]} g6 {[%clk 01:30:00]} {[%emt 00:00:04]} 4.
Bxc6 {[%clk 01:30:00]} {[%emt 00:00:05]} dxc6 {[%clk 01:30:00]} {[%emt
00:00:05]} 5. d3 {[%clk 01:30:00]} {[%emt 00:00:06]} Bg7 {[%clk 01:30:00]}
{[%emt 00:00:09]} 6. h3 {[%clk 01:30:00]} {[%emt 00:00:05]} e5 {[%clk
01:30:00]} {[%emt 00:00:09]} 7. Be3 {[%clk 01:29:47]} {[%emt 00:00:24]} b6
{[%emt 00:00:10]} 8. a4 {[%clk 01:29:36]} {[%emt 00:00:19]} a5 {[%clk
01:29:51]} {[%emt 00:00:20]} 9. Na3 {[%clk 01:29:36]} {[%emt 00:00:05]} Ne7
{[%clk 01:28:53]} {[%emt 00:01:07]} 10. Nc4 {[%clk 01:29:26]} {[%emt 00:00:21]}
Qc7 {[%clk 01:28:45]} {[%emt 00:00:14]} 11. b4 {[%clk 01:25:34]} {[%emt
00:04:05]} axb4 {[%clk 01:26:22]} {[%emt 00:02:33]} 12. a5 {[%clk 01:24:47]}
{[%emt 00:00:57]} b5 {[%clk 01:24:03]} {[%emt 00:02:29]} 13. Nb6 {[%clk
01:23:26]} {[%emt 00:01:31]} Rxa5 {[%clk 01:23:37]} {[%emt 00:00:36]} 14. Rxa5
{[%clk 01:21:26]} {[%emt 00:02:10]} Qxb6 {[%clk 01:23:14]} {[%emt 00:00:33]} 15.
Ra8 {[%clk 01:20:11]} {[%emt 00:01:26]} O-O {[%clk 01:18:43]} {[%emt 00:04:39]}
16. Qa1 {[%clk 01:18:20]} {[%emt 00:02:03]} Bb7 {[%clk 01:14:39]} {[%emt
00:04:13]} 17. Qa7 {[%clk 01:17:15]} {[%emt 00:01:15]} Qxa7 {[%clk 01:11:23]}
{[%emt 00:03:26]} 18. Rxa7 {[%clk 01:17:15]} {[%emt 00:00:05]} Rb8 {[%clk
01:11:23]} {[%emt 00:00:07]} 19. Bxc5 {[%clk 01:17:15]} {[%emt 00:00:09]} Nc8
{[%clk 01:11:23]} {[%emt 00:00:10]} 20. Ra2 {[%clk 01:17:15]} {[%emt 00:00:06]}
b3 {[%clk 01:08:56]} {[%emt 00:02:36]} 21. cxb3 {[%clk 01:16:06]} {[%emt
00:01:21]} f6 {[%clk 01:07:54]} {[%emt 00:01:11]} 22. d4 {[%clk 01:13:13]}
{[%emt 00:03:03]} exd4 {[%clk 01:07:30]} {[%emt 00:00:34]} 23. Nxd4 {[%clk
01:13:13]} {[%emt 00:00:08]} Bf8 {[%clk 01:07:18]} {[%emt 00:00:21]} 24. Ne6
{[%clk 01:12:35]} {[%emt 00:00:49]} Bd6 {[%clk 01:06:48]} {[%emt 00:00:39]} 25.
Rd2 {[%clk 01:11:31]} {[%emt 00:01:13]} Bxc5 {[%clk 01:03:28]} {[%emt
00:03:31]} 26. Nxc5 {[%clk 01:11:02]} {[%emt 00:00:40]} Nb6 {[%clk 01:02:58]}
{[%emt 00:00:39]} 27. Rd6 {[%clk 01:09:36]} {[%emt 00:01:37]} Kf7 {[%clk
01:01:37]} {[%emt 00:01:30]} 28. Ke2 {[%clk 01:09:18]} {[%emt 00:00:29]} Ke7
{[%clk 01:01:09]} {[%emt 00:00:38]} 29. Rhd1 {[%clk 01:09:13]} {[%emt
00:00:15]} b4 {[%clk 01:00:07]} {[%emt 00:01:13]} 30. Rd7+ {[%clk 01:09:06]}
{[%emt 00:00:16]} Nxd7 {[%clk 00:59:58]} {[%emt 00:00:19]} 31. Rxd7+ {[%clk
01:09:06]} {[%emt 00:00:02]} Ke8 {[%clk 00:59:51]} {[%emt 00:00:17]} 32. Rxb7
{[%clk 01:09:02]} {[%emt 00:00:15]} Rxb7 {[%clk 00:58:58]} {[%emt 00:01:02]} 33.
Nxb7 {[%emt 00:01:18]} 1-0

[Event "2025 National K-12 Grade Championship"]
[Site "Spokane, WI USA, United States"]
[Date "2025.12.13"]
[Round "3.27"]
[White "Raj, Skandha"]
[Black "Ye, Brian"]
[Result "0-1"]
[TimeControl "G/90; d10"]
[WhiteFideId "39946959"]
[BlackFideId "39951022"]
[WhiteElo "1404"]
[BlackElo "1887"]

1. e4 {[%clk 01:30:00]} e6 {[%clk 01:30:00]} {[%emt 00:00:07]} 2. d4 {[%clk
01:30:00]} {[%emt 00:00:04]} d5 {[%clk 01:30:00]} {[%emt 00:00:05]} 3. e5
{[%clk 01:29:58]} {[%emt 00:00:13]} c5 {[%clk 01:30:00]} {[%emt 00:00:05]} 4.
c3 {[%clk 01:29:58]} {[%emt 00:00:06]} Nc6 {[%clk 01:30:00]} {[%emt 00:00:03]}
5. Nf3 {[%clk 01:29:58]} {[%emt 00:00:05]} Bd7 {[%clk 01:30:00]} {[%emt
00:00:09]} 6. Bd3 {[%clk 01:29:58]} {[%emt 00:00:07]} cxd4 {[%clk 01:30:00]}
{[%emt 00:00:06]} 7. cxd4 {[%clk 01:29:58]} {[%emt 00:00:07]} Qb6 {[%clk
01:30:00]} {[%emt 00:00:05]} 8. Be2 {[%clk 01:29:27]} {[%emt 00:00:41]} f6
{[%clk 01:29:26]} {[%emt 00:00:44]} 9. O-O {[%clk 01:28:36]} {[%emt 00:01:01]}
fxe5 {[%clk 01:29:13]} {[%emt 00:00:24]} 10. dxe5 {[%clk 01:28:13]} {[%emt
00:00:33]} Bc5 {[%clk 01:28:14]} {[%emt 00:01:08]} 11. Nc3 {[%clk 01:26:47]}
{[%emt 00:01:36]} Nd4 {[%clk 01:26:33]} {[%emt 00:01:51]} 12. Bd3 {[%clk
01:23:48]} {[%emt 00:03:09]} Ne7 {[%clk 01:24:52]} {[%emt 00:01:52]} 13. Rb1
{[%clk 01:17:47]} {[%emt 00:06:11]} O-O {[%clk 01:24:40]} {[%emt 00:00:21]} 14.
Nxd4 {[%clk 01:14:35]} {[%emt 00:03:22]} Bxd4 {[%clk 01:24:35]} {[%emt
00:00:15]} 15. Qe2 {[%clk 01:13:33]} {[%emt 00:01:13]} Ng6 {[%clk 01:22:08]}
{[%emt 00:02:37]} 16. Bxg6 {[%clk 01:10:22]} {[%emt 00:03:21]} hxg6 {[%clk
01:22:08]} {[%emt 00:00:06]} 17. Be3 {[%clk 01:09:17]} {[%emt 00:01:14]} Bxe3
{[%clk 01:16:24]} {[%emt 00:05:55]} 18. Qxe3 {[%clk 01:09:00]} {[%emt
00:00:28]} d4 {[%clk 01:16:01]} {[%emt 00:00:32]} 19. Qd2 {[%clk 01:07:11]}
{[%emt 00:01:57]} dxc3 {[%clk 01:15:12]} {[%emt 00:01:00]} 20. Qxd7 {[%clk
01:06:00]} {[%emt 00:01:22]} Rad8 {[%clk 01:14:51]} {[%emt 00:00:30]} 21. Qa4
{[%clk 01:05:01]} {[%emt 00:01:09]} Rd2 {[%clk 01:12:27]} {[%emt 00:02:35]} 22.
Qh4 {[%clk 01:03:00]} {[%emt 00:02:09]} c2 {[%clk 01:11:52]} {[%emt 00:00:46]}
23. Rbc1 {[%clk 01:01:36]} {[%emt 00:01:33]} Qxb2 {[%clk 01:11:21]} {[%emt
00:00:41]} 24. Qa4 {[%clk 00:56:18]} {[%emt 00:05:29]} Rdxf2 {[%clk 01:10:48]}
{[%emt 00:00:42]} 25. Qc4 {[%clk 00:51:37]} {[%emt 00:04:51]} Rxf1+ {[%clk
01:10:44]} {[%emt 00:00:14]} 26. Rxf1 {[%clk 00:51:17]} {[%emt 00:00:30]} Rxf1+
{[%clk 01:10:44]} {[%emt 00:00:05]} 27. Qxf1 {[%clk 00:51:13]} {[%emt
00:00:13]} c1=Q {[%clk 01:10:28]} {[%emt 00:00:27]} 28. Qxc1 {[%clk 00:51:07]}
{[%emt 00:00:15]} Qxc1+ {[%clk 01:10:28]} {[%emt 00:00:04]} 29. Kf2 {[%clk
00:51:07]} {[%emt 00:00:06]} Qb2+ {[%clk 01:10:20]} {[%emt 00:00:17]} 30. Kf3
{[%clk 00:50:49]} {[%emt 00:00:29]} Qxe5 {[%clk 01:10:20]} {[%emt 00:00:03]} 31.
h3 {[%clk 00:50:45]} {[%emt 00:00:13]} Qc3+ {[%clk 01:10:20]} {[%emt 00:00:09]}
32. Kf4 {[%clk 00:50:41]} {[%emt 00:00:14]} e5+ {[%clk 01:10:09]} {[%emt
00:00:21]} 33. Ke4 {[%clk 00:50:41]} {[%emt 00:00:07]} Kf7 {[%clk 01:10:03]}
{[%emt 00:00:16]} 34. h4 {[%clk 00:50:34]} {[%emt 00:00:16]} Ke6 {[%clk
01:10:03]} {[%emt 00:00:08]} 35. g4 {[%clk 00:50:10]} {[%emt 00:00:34]} Qd2
{[%clk 01:09:35]} {[%emt 00:00:38]} 36. a3 {[%clk 00:50:10]} {[%emt 00:00:10]}
Qe2# {[%clk 01:08:33]} {[%emt 00:01:12]} 0-1

[Event "2025 National K-12 Grade Championship"]
[Site "Spokane, WI USA, United States"]
[Date "2025.12.13"]
[Round "3.29"]
[White "Huang, Aiden"]
[Black "Yilanli, Mehmet"]
[Result "0-1"]
[TimeControl "G/90; d10"]
[WhiteFideId "39974537"]
[BlackFideId "39959961"]
[WhiteElo "1217"]
[BlackElo "1959"]

1. e4 {[%clk 01:29:56]} {[%emt 00:00:10]} c5 {[%clk 01:30:00]} {[%emt
00:00:08]} 2. Nf3 {[%clk 01:29:56]} {[%emt 00:00:05]} e6 {[%clk 01:30:00]}
{[%emt 00:00:04]} 3. d4 {[%clk 01:29:56]} {[%emt 00:00:08]} cxd4 {[%clk
01:30:00]} {[%emt 00:00:03]} 4. Nxd4 {[%clk 01:29:56]} {[%emt 00:00:07]} Bc5
{[%clk 01:30:00]} {[%emt 00:00:03]} 5. Nb3 {[%clk 01:29:56]} {[%emt 00:00:07]}
Bb6 {[%clk 01:30:00]} {[%emt 00:00:05]} 6. Nc3 {[%clk 01:29:56]} {[%emt
00:00:07]} Ne7 {[%clk 01:29:53]} {[%emt 00:00:17]} 7. Bd3 {[%clk 01:29:30]}
{[%emt 00:00:37]} O-O {[%clk 01:29:53]} {[%emt 00:00:08]} 8. O-O {[%clk
01:29:16]} {[%emt 00:00:24]} f5 {[%clk 01:29:53]} {[%emt 00:00:03]} 9. exf5
{[%clk 01:27:42]} {[%emt 00:01:44]} Nxf5 {[%clk 01:29:53]} {[%emt 00:00:07]} 10.
Bxf5 {[%clk 01:25:55]} {[%emt 00:01:57]} Rxf5 {[%clk 01:29:53]} {[%emt
00:00:06]} 11. Nd4 {[%clk 01:25:22]} {[%emt 00:00:44]} Rf8 {[%clk 01:29:51]}
{[%emt 00:00:12]} 12. Nf3 {[%clk 01:24:29]} {[%emt 00:01:02]} d5 {[%clk
01:28:52]} {[%emt 00:01:09]} 13. Bg5 {[%clk 01:23:36]} {[%emt 00:01:03]} Qd7
{[%clk 01:25:35]} {[%emt 00:03:27]} 14. Qe2 {[%clk 01:22:18]} {[%emt 00:01:27]}
Qf7 {[%clk 01:25:17]} {[%emt 00:00:28]} 15. Na4 {[%clk 01:21:33]} {[%emt
00:00:55]} Bc7 {[%clk 01:25:13]} {[%emt 00:00:14]} 16. Nc5 {[%clk 01:19:48]}
{[%emt 00:01:56]} b6 {[%clk 01:25:12]} {[%emt 00:00:11]} 17. Nd3 {[%clk
01:19:48]} {[%emt 00:00:07]} Qh5 {[%clk 01:25:00]} {[%emt 00:00:20]} 18. Nde5
{[%clk 01:18:33]} {[%emt 00:01:27]} Nd7 {[%clk 01:23:54]} {[%emt 00:01:16]} 19.
h4 {[%clk 01:17:05]} {[%emt 00:01:38]} Nxe5 {[%clk 01:23:51]} {[%emt 00:00:13]}
20. Nd4 {[%clk 01:14:57]} {[%emt 00:02:19]} Qxe2 {[%clk 01:23:10]} {[%emt
00:00:50]} 21. Nxe2 {[%emt 00:00:25]} Nf7 {[%clk 01:23:01]} 22. Be3 {[%clk
01:14:49]} {[%emt 00:00:16]} e5 {[%clk 01:23:00]} {[%emt 00:00:11]} 23. c3
{[%clk 01:14:49]} {[%emt 00:00:08]} Nd6 {[%clk 01:22:40]} {[%emt 00:00:31]} 24.
Rad1 {[%clk 01:14:49]} {[%emt 00:00:10]} Bb7 {[%clk 01:22:40]} {[%emt
00:00:10]} 25. f4 {[%clk 01:14:26]} {[%emt 00:00:33]} Nf5 {[%clk 01:22:07]}
{[%emt 00:00:43]} 26. Bc1 {[%clk 01:14:26]} {[%emt 00:00:05]} e4 {[%clk
01:21:58]} {[%emt 00:00:19]} 27. g3 {[%clk 01:14:26]} {[%emt 00:00:07]} Rad8
{[%clk 01:21:55]} {[%emt 00:00:13]} 28. b3 {[%clk 01:14:03]} {[%emt 00:00:34]}
Ba6 {[%clk 01:21:55]} {[%emt 00:00:08]} 29. Rfe1 {[%clk 01:14:01]} {[%emt
00:00:11]} Bd3 {[%clk 01:21:37]} {[%emt 00:00:27]} 30. Nd4 {[%clk 01:13:51]}
{[%emt 00:00:21]} Nxd4 {[%clk 01:21:29]} {[%emt 00:00:18]} 31. cxd4 {[%clk
01:13:51]} {[%emt 00:00:08]} Bd6 {[%clk 01:21:29]} {[%emt 00:00:07]} 32. Be3
{[%clk 01:13:31]} {[%emt 00:00:29]} Rc8 {[%clk 01:21:29]} {[%emt 00:00:06]} 33.
Rc1 {[%clk 01:13:31]} {[%emt 00:00:10]} Ba3 {[%clk 01:21:29]} {[%emt 00:00:08]}
34. Rxc8 {[%clk 01:13:13]} {[%emt 00:00:28]} Rxc8 {[%clk 01:21:29]} {[%emt
00:00:04]} 35. Rd1 {[%clk 01:12:52]} {[%emt 00:00:31]} Rc2 {[%clk 01:21:22]}
{[%emt 00:00:15]} 36. Ra1 {[%clk 01:12:45]} {[%emt 00:00:16]} Re2 {[%clk
01:21:16]} {[%emt 00:00:19]} 37. Bf2 {[%clk 01:12:45]} {[%emt 00:00:10]} e3
{[%clk 01:21:16]} {[%emt 00:00:05]} 38. Be1 {[%clk 01:12:45]} {[%emt 00:00:07]}
Bb2 {[%clk 01:21:16]} {[%emt 00:00:06]} 39. Rd1 {[%clk 01:12:45]} {[%emt
00:00:11]} Bc2 {[%clk 01:21:16]} {[%emt 00:00:04]} 40. Rd2 {[%clk 01:12:44]}
{[%emt 00:00:10]} Rxe1+ {[%clk 01:21:16]} {[%emt 00:00:09]} 41. Kg2 {[%clk
01:12:44]} {[%emt 00:00:07]} exd2 {[%clk 01:21:11]} {[%emt 00:00:14]} 42. Kh3
{[%clk 01:12:42]} {[%emt 00:00:12]} h5 {[%clk 01:21:11]} {[%emt 00:00:06]} 43.
f5 {[%clk 01:12:42]} {[%emt 00:00:08]} Be4 {[%clk 01:21:11]} {[%emt 00:00:09]}
44. f6 {[%clk 01:12:42]} {[%emt 00:00:03]} Rh1# {[%clk 01:21:11]} {[%emt
00:00:05]} 0-1

[Event "2025 National K-12 Grade Championship"]
[Site "Spokane, WI USA, United States"]
[Date "2025.12.13"]
[Round "3.30"]
[White "Jani, Suraj"]
[Black "Salem, Samir P"]
[Result "0-1"]
[TimeControl "G/90; d10"]
[WhiteFideId "39952002"]
[BlackFideId "39995267"]
[WhiteElo "1203"]
[BlackElo "1600"]

1. e4 {[%emt 00:00:10]} e6 {[%clk 01:30:00]} {[%emt 00:00:08]} 2. d4 {[%clk
01:29:55]} {[%emt 00:00:16]} d5 {[%clk 01:30:00]} {[%emt 00:00:07]} 3. e5
{[%clk 01:29:55]} {[%emt 00:00:04]} c5 {[%clk 01:30:00]} {[%emt 00:00:06]} 4.
c3 {[%clk 01:29:46]} {[%emt 00:00:20]} Qb6 {[%clk 01:30:00]} {[%emt 00:00:09]}
5. Nf3 {[%clk 01:29:44]} {[%emt 00:00:13]} Bd7 {[%clk 01:29:56]} {[%emt
00:00:13]} 6. Bd3 {[%clk 01:29:02]} {[%emt 00:00:52]} Bb5 {[%clk 01:28:58]}
{[%emt 00:01:08]} 7. O-O {[%clk 01:27:52]} {[%emt 00:01:20]} Bxd3 {[%clk
01:28:53]} {[%emt 00:00:15]} 8. Qxd3 {[%clk 01:27:43]} {[%emt 00:00:19]} Qa6
{[%clk 01:28:41]} {[%emt 00:00:23]} 9. Qxa6 {[%clk 01:26:33]} {[%emt 00:01:20]}
Nxa6 {[%clk 01:28:38]} {[%emt 00:00:13]} 10. Be3 {[%clk 01:25:46]} {[%emt
00:00:57]} Rc8 {[%clk 01:26:46]} {[%emt 00:02:02]} 11. Rd1 {[%clk 01:23:56]}
{[%emt 00:02:00]} Ne7 {[%clk 01:25:28]} {[%emt 00:01:27]} 12. Na3 {[%clk
01:23:51]} {[%emt 00:00:16]} Nf5 {[%clk 01:20:43]} {[%emt 00:04:55]} 13. Rac1
{[%clk 01:21:42]} {[%emt 00:02:19]} Nxe3 {[%clk 01:19:38]} {[%emt 00:01:14]} 14.
fxe3 {[%clk 01:21:25]} {[%emt 00:00:27]} Be7 {[%clk 01:15:31]} {[%emt
00:04:17]} 15. Nb5 {[%clk 01:19:10]} {[%emt 00:02:26]} Nc7 {[%clk 01:15:09]}
{[%emt 00:00:32]} 16. Nd6+ {[%clk 01:18:22]} {[%emt 00:00:59]} Bxd6 {[%clk
01:15:04]} {[%emt 00:00:15]} 17. exd6 {[%clk 01:17:48]} {[%emt 00:00:43]} Nb5
{[%clk 01:14:03]} {[%emt 00:01:11]} 18. dxc5 {[%clk 01:17:10]} {[%emt
00:00:48]} Rxc5 {[%clk 01:13:34]} {[%emt 00:00:39]} 19. b4 {[%clk 01:12:03]}
{[%emt 00:05:18]} Rxc3 {[%clk 01:11:15]} {[%emt 00:02:28]} 20. Rxc3 {[%clk
01:11:08]} {[%emt 00:01:05]} Nxc3 {[%clk 01:11:15]} {[%emt 00:00:10]} 21. Rd3
{[%clk 01:09:49]} {[%emt 00:01:29]} Ne4 {[%clk 01:10:14]} {[%emt 00:01:10]} 22.
d7+ {[%clk 01:09:29]} {[%emt 00:00:30]} Kxd7 {[%clk 01:09:51]} {[%emt
00:00:33]} 23. Ne5+ {[%clk 01:08:56]} {[%emt 00:00:43]} Ke7 {[%clk 01:05:56]}
{[%emt 00:04:05]} 24. Kf1 {[%clk 01:08:29]} {[%emt 00:00:37]} f6 {[%clk
01:05:51]} {[%emt 00:00:16]} 25. Nf3 {[%clk 01:07:22]} {[%emt 00:01:17]} Rc8
{[%clk 01:05:51]} {[%emt 00:00:09]} 26. Ke2 {[%clk 01:07:03]} {[%emt 00:00:30]}
Rc2+ {[%clk 01:05:47]} {[%emt 00:00:13]} 27. Ke1 {[%clk 01:07:03]} {[%emt
00:00:09]} Rxa2 {[%clk 01:05:33]} {[%emt 00:00:25]} 28. Kf1 {[%clk 01:06:32]}
{[%emt 00:00:41]} Rf2+ {[%clk 01:04:42]} {[%emt 00:01:01]} 29. Kg1 {[%clk
01:06:26]} {[%emt 00:00:14]} Rb2 {[%clk 01:04:41]} {[%emt 00:00:12]} 30. Kf1
{[%clk 01:06:12]} {[%emt 00:00:25]} Rxb4 {[%clk 01:04:41]} {[%emt 00:00:10]} 31.
Ra3 {[%clk 01:06:12]} {[%emt 00:00:10]} a6 {[%clk 01:03:48]} {[%emt 00:01:04]}
32. Ke2 {[%clk 01:05:56]} {[%emt 00:00:26]} Kd6 {[%clk 01:03:09]} {[%emt
00:00:49]} 33. Nd4 {[%emt 00:00:13]} Rb2+ {[%clk 01:01:18]} {[%emt 00:01:59]}
34. Kf1 {[%clk 01:05:53]} {[%emt 00:00:11]} Nc5 {[%clk 01:00:48]} {[%emt
00:00:40]} 35. Ke1 {[%clk 01:05:31]} {[%emt 00:00:32]} b5 {[%clk 01:00:37]}
{[%emt 00:00:23]} 36. Kd1 {[%clk 01:05:18]} {[%emt 00:00:22]} b4 {[%clk
01:00:33]} {[%emt 00:00:16]} 37. Kc1 {[%clk 01:05:02]} {[%emt 00:00:26]} bxa3
{[%emt 00:00:25]} 38. Kd1 {[%clk 01:04:22]} {[%emt 00:00:29]} a2 {[%clk
01:00:33]} {[%emt 00:00:08]} 39. Nf5+ {[%clk 01:04:06]} {[%emt 00:00:26]} Kd7
{[%clk 01:00:31]} {[%emt 00:00:11]} 40. Kc1 {[%clk 01:04:06]} {[%emt 00:00:05]}
Rxg2 {[%clk 01:00:30]} {[%emt 00:00:12]} 41. Kd1 {[%clk 01:03:44]} {[%emt
00:00:33]} a1=Q# {[%clk 01:00:30]} {[%emt 00:00:03]} 0-1